[Event "DEM U14 2022"]
[Site "Willingen GER"]
[Date "2022.06.07"]
[Round "4"]
[White "Kieselbach, Jannik"]
[Black "Haubold, Christian Lucas"]
[Result "0-1"]
[Termination "normal"]
[Board "6"]
[WhiteElo "1631"]
[BlackElo "1944"]
[WhiteClock "00:04:11"]
[BlackClock "00:27:12"]
[PlyCount "52"]
[WhiteFideId "16246403"]
[BlackFideId "16259629"]
[EventCountry "GER"]
[EventRounds "9"]
[EventType "swiss"]
[EventDate "2022.06.04"]

1. e4 {[%clk 1:30:58]} e5 {[%clk 1:30:54]} 2. Nf3 {[%clk 1:31:23]} Nc6 {[%clk
1:31:16]} 3. d4 {[%clk 1:31:48]} exd4 {[%clk 1:31:32]} 4. Nxd4 {[%clk 1:32:12]}
Bc5 {[%clk 1:31:33]} 5. Be3 {[%clk 1:32:33]} Qf6 {[%clk 1:31:47]} 6. c3 {[%clk
1:32:58]} Nge7 {[%clk 1:31:36]} 7. Bc4 {[%clk 1:33:08]} Ne5 {[%clk 1:27:32]} 8.
Be2 {[%clk 1:33:30]} Qg6 {[%clk 1:27:27]} 9. O-O {[%clk 1:20:14]} d6 {[%clk
1:05:25]} 10. Nb5 {[%clk 1:17:25]} Bh3 {[%clk 1:05:05]} 11. Bf3 {[%clk
1:16:10]} O-O {[%clk 0:47:12]} 12. Bxc5 {[%clk 1:11:35]} dxc5 {[%clk 0:45:08]}
13. Nxc7 {[%clk 1:09:35]} Rad8 {[%clk 0:36:04]} 14. Nd5 {[%clk 1:08:53]} N7c6
{[%clk 0:32:22]} 15. Kh1 {[%clk 1:03:53]} f5 {[%clk 0:28:00]} 16. gxh3 {[%clk
0:54:49]} Nxf3 {[%clk 0:27:14]} 17. Qxf3 {[%clk 0:53:59]} fxe4 {[%clk 0:27:36]}
18. Qd1 {[%clk 0:28:44]} e3 {[%clk 0:27:49]} 19. f3 {[%clk 0:22:12]} Qe6 {[%clk
0:27:57]} 20. Qe2 {[%clk 0:17:58]} Rxd5 {[%clk 0:27:43]} 21. f4 {[%clk
0:12:53]} Qe4+ {[%clk 0:27:55]} 22. Kg1 {[%clk 0:08:15]} Rxf4 {[%clk 0:27:20]}
23. Rxf4 {[%clk 0:07:31]} Qxf4 {[%clk 0:27:42]} 24. h4 {[%clk 0:05:56]} Rd6
{[%clk 0:26:51]} 25. h5 {[%clk 0:04:42]} Qg5+ {[%clk 0:26:49]} 26. Kh1 {[%clk
0:04:11]} Qd5+ {[%clk 0:27:12]} 0-1

[Event "DEM U14 2022"]
[Site "Willingen GER"]
[Date "2022.06.07"]
[Round "4"]
[White "Krüger, Arthur"]
[Black "Winkler, Yonathan"]
[Result "1/2-1/2"]
[Termination "normal"]
[Board "7"]
[WhiteElo "1988"]
[BlackElo "1699"]
[WhiteClock "00:10:35"]
[BlackClock "00:14:04"]
[PlyCount "99"]
[WhiteFideId "16244966"]
[BlackFideId "16266080"]
[EventCountry "GER"]
[EventRounds "9"]
[EventType "swiss"]
[EventDate "2022.06.04"]

1. e4 {[%clk 1:30:24]} c5 {[%clk 1:30:44]} 2. Nf3 {[%clk 1:30:41]} a6 {[%clk
1:30:55]} 3. c3 {[%clk 1:30:09]} d5 {[%clk 1:30:19]} 4. exd5 {[%clk 1:30:24]}
Qxd5 {[%clk 1:30:41]} 5. d4 {[%clk 1:30:02]} Nf6 {[%clk 1:30:42]} 6. Be2 {[%clk
1:30:02]} e6 {[%clk 1:30:39]} 7. O-O {[%clk 1:29:36]} Nc6 {[%clk 1:29:47]} 8.
Be3 {[%clk 1:29:21]} cxd4 {[%clk 1:29:58]} 9. Nxd4 {[%clk 1:29:45]} Ne5 {[%clk
1:21:13]} 10. Nd2 {[%clk 1:22:22]} Be7 {[%clk 1:12:44]} 11. f4 {[%clk 1:19:02]}
Ng6 {[%clk 1:08:19]} 12. Bf3 {[%clk 1:10:39]} Qd8 {[%clk 1:05:57]} 13. g3
{[%clk 1:02:11]} e5 {[%clk 1:03:09]} 14. fxe5 {[%clk 0:58:15]} Nxe5 {[%clk
1:02:57]} 15. Bg2 {[%clk 0:57:57]} O-O {[%clk 0:59:28]} 16. Qb3 {[%clk
0:47:59]} Nfg4 {[%clk 0:52:21]} 17. Rae1 {[%clk 0:37:44]} Bc5 {[%clk 0:45:43]}
18. Bd5 {[%clk 0:35:43]} a5 {[%clk 0:36:28]} 19. a4 {[%clk 0:33:37]} Bd7 {[%clk
0:32:17]} 20. Nc4 {[%clk 0:29:07]} Bxa4 {[%clk 0:27:22]} 21. Qxa4 {[%clk
0:22:11]} Qxd5 {[%clk 0:27:42]} 22. Nxe5 {[%clk 0:19:55]} Nxe5 {[%clk 0:21:50]}
23. Qd1 {[%clk 0:18:03]} Nc4 {[%clk 0:19:52]} 24. Rf5 {[%clk 0:15:25]} Nxe3
{[%clk 0:15:41]} 25. Rxd5 {[%clk 0:14:46]} Nxd1 {[%clk 0:16:07]} 26. Rxd1
{[%clk 0:14:43]} b6 {[%clk 0:15:56]} 27. Kf1 {[%clk 0:14:17]} Rad8 {[%clk
0:13:20]} 28. Nb3 {[%clk 0:14:18]} Be7 {[%clk 0:11:43]} 29. Ke2 {[%clk
0:13:33]} Rfe8 {[%clk 0:11:25]} 30. Rxd8 {[%clk 0:13:45]} Rxd8 {[%clk 0:09:44]}
31. Rxd8+ {[%clk 0:13:20]} Bxd8 {[%clk 0:10:10]} 32. Kd3 {[%clk 0:13:18]} Kf8
{[%clk 0:10:36]} 33. Kc4 {[%clk 0:12:58]} Ke7 {[%clk 0:11:01]} 34. Kd5 {[%clk
0:12:55]} Kd7 {[%clk 0:09:30]} 35. Nd2 {[%clk 0:11:49]} h6 {[%clk 0:08:18]} 36.
Nc4 {[%clk 0:11:38]} Bc7 {[%clk 0:08:29]} 37. Ne3 {[%clk 0:11:20]} h5 {[%clk
0:05:57]} 38. Nf5 {[%clk 0:09:17]} g6 {[%clk 0:06:09]} 39. Nh4 {[%clk 0:08:59]}
Bd8 {[%clk 0:04:07]} 40. Nf3 {[%clk 0:09:08]} Bf6 {[%clk 0:03:53]} 41. Nd2
{[%clk 0:00:32]} Bd8 {[%clk 0:01:12]} 42. Nf3 {[%clk 0:21:07]} f6 {[%clk
0:24:44]} 43. h3 {[%clk 0:17:11]} Bc7 {[%clk 0:22:17]} 44. g4 {[%clk 0:17:17]}
hxg4 {[%clk 0:22:06]} 45. hxg4 {[%clk 0:17:45]} Bg3 {[%clk 0:20:06]} 46. Nd4
{[%clk 0:14:11]} Bd6 {[%clk 0:18:45]} 47. b3 {[%clk 0:12:21]} Be5 {[%clk
0:15:18]} 48. Ne2 {[%clk 0:12:04]} Bc7 {[%clk 0:13:53]} 49. Nd4 {[%clk
0:11:21]} Bd6 {[%clk 0:14:04]} 50. c4 {[%clk 0:10:35]} 1/2-1/2

[Event "DEM U14 2022"]
[Site "Willingen GER"]
[Date "2022.06.07"]
[Round "4"]
[White "Wunderlich, Elias"]
[Black "Sommer, Justus"]
[Result "0-1"]
[Termination "normal"]
[Board "9"]
[WhiteElo "1619"]
[BlackElo "1868"]
[WhiteClock "00:03:41"]
[BlackClock "00:33:24"]
[PlyCount "120"]
[WhiteFideId "34608087"]
[BlackFideId "16245008"]
[EventCountry "GER"]
[EventRounds "9"]
[EventType "swiss"]
[EventDate "2022.06.04"]

1. e4 {[%clk 1:30:57]} e5 {[%clk 1:30:40]} 2. Nf3 {[%clk 1:31:24]} Nc6 {[%clk
1:30:58]} 3. Bb5 {[%clk 1:31:49]} Nf6 {[%clk 1:31:16]} 4. O-O {[%clk 1:32:05]}
Nxe4 {[%clk 1:30:46]} 5. d4 {[%clk 1:32:31]} Nd6 {[%clk 1:31:02]} 6. Ba4 {[%clk
1:27:38]} exd4 {[%clk 1:17:15]} 7. Bxc6 {[%clk 1:22:42]} dxc6 {[%clk 1:17:02]}
8. Qxd4 {[%clk 1:22:59]} Nf5 {[%clk 1:11:19]} 9. Qxd8+ {[%clk 1:07:09]} Kxd8
{[%clk 1:10:41]} 10. Nc3 {[%clk 1:05:29]} Be7 {[%clk 1:06:59]} 11. Bf4 {[%clk
1:05:29]} Be6 {[%clk 1:02:50]} 12. Rad1+ {[%clk 1:04:33]} Kc8 {[%clk 1:01:33]}
13. a3 {[%clk 1:00:24]} b6 {[%clk 0:59:04]} 14. Rfe1 {[%clk 0:50:24]} Re8
{[%clk 0:53:03]} 15. Ne2 {[%clk 0:44:00]} Kb7 {[%clk 0:43:47]} 16. Ned4 {[%clk
0:43:57]} Nxd4 {[%clk 0:43:04]} 17. Nxd4 {[%clk 0:43:20]} Bd5 {[%clk 0:40:10]}
18. Be5 {[%clk 0:28:36]} f6 {[%clk 0:35:47]} 19. Bf4 {[%clk 0:28:08]} Bc5
{[%clk 0:34:24]} 20. Be3 {[%clk 0:28:02]} Be4 {[%clk 0:33:22]} 21. c4 {[%clk
0:27:40]} a5 {[%clk 0:29:15]} 22. Rd2 {[%clk 0:24:20]} Bg6 {[%clk 0:26:12]} 23.
Red1 {[%clk 0:23:58]} Re4 {[%clk 0:25:29]} 24. Rd3 {[%clk 0:16:29]} Rae8 {[%clk
0:23:03]} 25. b3 {[%clk 0:13:46]} R4e7 {[%clk 0:17:51]} 26. R3d2 {[%clk
0:09:03]} Bxa3 {[%clk 0:16:33]} 27. Nf3 {[%clk 0:08:58]} Bb4 {[%clk 0:16:34]}
28. Rd7 {[%clk 0:09:03]} Bc2 {[%clk 0:15:13]} 29. Rxe7 {[%clk 0:09:01]} Rxe7
{[%clk 0:15:37]} 30. Rc1 {[%clk 0:09:28]} Bxb3 {[%clk 0:13:09]} 31. Nd4 {[%clk
0:09:54]} a4 {[%clk 0:13:18]} 32. Rb1 {[%clk 0:09:00]} Rd7 {[%clk 0:13:15]} 33.
g3 {[%clk 0:08:50]} c5 {[%clk 0:10:30]} 34. Nxb3 {[%clk 0:09:17]} axb3 {[%clk
0:10:53]} 35. Rxb3 {[%clk 0:09:44]} Kc6 {[%clk 0:10:51]} 36. Kf1 {[%clk
0:09:49]} Bd2 {[%clk 0:11:00]} 37. Ke2 {[%clk 0:09:28]} Bxe3 {[%clk 0:11:15]}
38. fxe3 {[%clk 0:09:51]} Rd8 {[%clk 0:10:04]} 39. h4 {[%clk 0:09:35]} f5
{[%clk 0:09:43]} 40. Kf3 {[%clk 0:09:33]} Rd1 {[%clk 0:09:25]} 41. Kf4 {[%clk
0:09:11]} g6 {[%clk 0:08:57]} 42. h5 {[%clk 0:09:05]} Rc1 {[%clk 0:07:47]} 43.
Kg5 {[%clk 0:05:18]} gxh5 {[%clk 0:06:58]} 44. Kxf5 {[%clk 0:05:27]} Rxc4
{[%clk 0:07:13]} 45. e4 {[%clk 0:28:04]} Rc1 {[%clk 0:35:33]} 46. e5 {[%clk
0:24:30]} Rf1+ {[%clk 0:34:26]} 47. Ke6 {[%clk 0:22:24]} Re1 {[%clk 0:33:58]}
48. Kf6 {[%clk 0:21:21]} c4 {[%clk 0:33:37]} 49. Rb2 {[%clk 0:19:47]} b5 {[%clk
0:32:22]} 50. e6 {[%clk 0:09:09]} c3 {[%clk 0:31:56]} 51. Rb3 {[%clk 0:07:18]}
Kd6 {[%clk 0:31:40]} 52. Rxc3 {[%clk 0:06:54]} Rxe6+ {[%clk 0:32:04]} 53. Kg5
{[%clk 0:06:04]} Re5+ {[%clk 0:32:27]} 54. Kh6 {[%clk 0:04:46]} b4 {[%clk
0:32:26]} 55. Rb3 {[%clk 0:04:24]} Kc5 {[%clk 0:32:46]} 56. Kxh7 {[%clk
0:04:33]} Kc4 {[%clk 0:32:59]} 57. Rb1 {[%clk 0:04:39]} c5 {[%clk 0:32:54]} 58.
Kg6 {[%clk 0:04:41]} b3 {[%clk 0:33:04]} 59. Rf1 {[%clk 0:04:33]} b2 {[%clk
0:33:18]} 60. Kf6 {[%clk 0:03:41]} Re3 {[%clk 0:33:24]} 0-1

[Event "DEM U14 2022"]
[Site "Willingen GER"]
[Date "2022.06.07"]
[Round "4"]
[White "Honisch, Alexander"]
[Black "Müller, Maximilian"]
[Result "1-0"]
[Termination "normal"]
[Board "10"]
[WhiteElo "1878"]
[BlackElo "1875"]
[WhiteClock "00:27:56"]
[BlackClock "00:32:50"]
[PlyCount "83"]
[WhiteFideId "16298594"]
[BlackFideId "16243552"]
[EventCountry "GER"]
[EventRounds "9"]
[EventType "swiss"]
[EventDate "2022.06.04"]

1. e4 {[%clk 1:30:45]} e5 {[%clk 1:30:57]} 2. Nf3 {[%clk 1:31:01]} Nc6 {[%clk
1:31:23]} 3. Bb5 {[%clk 1:31:02]} a6 {[%clk 1:31:48]} 4. Ba4 {[%clk 1:31:27]}
d6 {[%clk 1:32:14]} 5. O-O {[%clk 1:30:03]} Bd7 {[%clk 1:32:40]} 6. c3 {[%clk
1:25:39]} g5 {[%clk 1:33:05]} 7. d4 {[%clk 1:17:09]} g4 {[%clk 1:32:52]} 8. Ne1
{[%clk 1:15:29]} h5 {[%clk 1:33:16]} 9. Be3 {[%clk 1:08:49]} Bg7 {[%clk
1:33:35]} 10. f4 {[%clk 1:03:58]} exd4 {[%clk 1:33:29]} 11. cxd4 {[%clk
0:59:45]} d5 {[%clk 1:33:51]} 12. e5 {[%clk 0:51:58]} Nh6 {[%clk 1:34:16]} 13.
Bxc6 {[%clk 0:50:37]} bxc6 {[%clk 1:34:29]} 14. Nd3 {[%clk 0:49:00]} Nf5 {[%clk
1:34:48]} 15. Qd2 {[%clk 0:48:04]} Rb8 {[%clk 1:23:07]} 16. Nc3 Rh6 17. Rac1
{[%clk 0:28:35]} Rg6 {[%clk 1:05:45]} 18. Rc2 {[%clk 0:25:46]} Qh4 {[%clk
1:04:56]} 19. Ne1 {[%clk 0:20:14]} Bh6 {[%clk 0:44:56]} 20. Na4 {[%clk
0:14:07]} g3 {[%clk 0:27:08]} 21. h3 {[%clk 0:13:14]} Qe7 {[%clk 0:25:48]} 22.
Nc5 {[%clk 0:12:19]} Bc8 {[%clk 0:26:15]} 23. Nf3 {[%clk 0:11:00]} Kf8 {[%clk
0:22:37]} 24. Nd3 {[%clk 0:09:39]} Kg8 {[%clk 0:20:52]} 25. Qe2 {[%clk
0:07:51]} a5 {[%clk 0:17:29]} 26. Rfc1 {[%clk 0:06:00]} Rb6 {[%clk 0:16:32]}
27. Qd2 {[%clk 0:04:11]} Nxe3 {[%clk 0:15:04]} 28. Qxe3 {[%clk 0:04:39]} Bf5
{[%clk 0:15:32]} 29. Re1 {[%clk 0:02:21]} Bxf4 {[%clk 0:10:51]} 30. Qxf4 {[%clk
0:01:04]} Bxd3 {[%clk 0:11:14]} 31. Rc3 {[%clk 0:00:45]} Be4 {[%clk 0:11:27]}
32. Re2 {[%clk 0:00:32]} Bb1 {[%clk 0:06:17]} 33. a3 {[%clk 0:00:32]} a4 {[%clk
0:04:47]} 34. Nh4 {[%clk 0:00:32]} Rg4 {[%clk 0:05:10]} 35. Rxg3 {[%clk
0:00:33]} Rxg3 {[%clk 0:04:22]} 36. Qxg3+ {[%clk 0:01:02]} Kf8 {[%clk 0:02:20]}
37. e6 {[%clk 0:00:42]} fxe6 {[%clk 0:01:52]} 38. Ng6+ {[%clk 0:00:50]} Bxg6
{[%clk 0:02:21]} 39. Qxg6 {[%clk 0:01:18]} Qg7 {[%clk 0:02:06]} 40. Rf2+ {[%clk
0:00:33]} Kg8 {[%clk 0:02:30]} 41. Qxe6+ {[%clk 0:27:42]} Kh8 {[%clk 0:32:50]}
42. Qe8+ {[%clk 0:27:56]} 1-0

[Event "DEM U14 2022"]
[Site "Willingen GER"]
[Date "2022.06.07"]
[Round "4"]
[White "Hoppstädter, Daniel"]
[Black "Bräutigam, Alexander"]
[Result "1-0"]
[Termination "normal"]
[Board "11"]
[WhiteElo "1987"]
[BlackElo "1749"]
[WhiteClock "00:19:47"]
[BlackClock "00:51:42"]
[PlyCount "69"]
[WhiteFideId "16243625"]
[BlackFideId "16245210"]
[EventCountry "GER"]
[EventRounds "9"]
[EventType "swiss"]
[EventDate "2022.06.04"]

1. d4 {[%clk 1:30:58]} Nf6 {[%clk 1:30:55]} 2. c4 {[%clk 1:31:23]} e6 {[%clk
1:31:21]} 3. Nc3 {[%clk 1:31:48]} Bb4 {[%clk 1:31:46]} 4. f3 {[%clk 1:32:13]}
d5 {[%clk 1:32:01]} 5. a3 {[%clk 1:32:16]} Bxc3+ {[%clk 1:32:21]} 6. bxc3
{[%clk 1:32:37]} c5 {[%clk 1:32:34]} 7. cxd5 {[%clk 1:32:59]} Nxd5 {[%clk
1:32:32]} 8. dxc5 {[%clk 1:33:18]} O-O {[%clk 1:29:18]} 9. e4 {[%clk 1:29:54]}
Ne7 {[%clk 1:28:10]} 10. Qxd8 {[%clk 1:27:59]} Rxd8 {[%clk 1:28:35]} 11. Rb1
{[%clk 1:26:50]} Nd7 {[%clk 1:28:02]} 12. Be3 {[%clk 1:26:51]} b6 {[%clk
1:26:40]} 13. Rd1 {[%clk 1:07:59]} Bb7 {[%clk 1:25:42]} 14. cxb6 {[%clk
1:06:27]} Nxb6 {[%clk 1:23:06]} 15. Rb1 {[%clk 0:38:59]} Bc6 {[%clk 1:16:12]}
16. Ne2 {[%clk 0:36:59]} e5 {[%clk 1:10:07]} 17. Ng3 {[%clk 0:29:12]} Rd7
{[%clk 1:06:09]} 18. Kf2 {[%clk 0:27:25]} Na4 {[%clk 1:04:52]} 19. Rb3 {[%clk
0:24:29]} Rb7 {[%clk 1:04:04]} 20. Bc4 {[%clk 0:20:48]} Rxb3 {[%clk 1:01:34]}
21. Bxb3 {[%clk 0:21:08]} Nxc3 {[%clk 0:55:48]} 22. Rc1 {[%clk 0:20:35]} Nb5
{[%clk 0:55:59]} 23. Bg5 {[%clk 0:20:07]} Nd4 {[%clk 0:52:30]} 24. Bxe7 {[%clk
0:20:10]} Rb8 {[%clk 0:52:36]} 25. Bd5 {[%clk 0:19:13]} Rb2+ {[%clk 0:52:29]}
26. Kg1 {[%clk 0:18:59]} Bd7 {[%clk 0:50:37]} 27. Rc7 {[%clk 0:18:59]} Rb1+
{[%clk 0:50:55]} 28. Nf1 {[%clk 0:19:14]} Ne2+ {[%clk 0:50:53]} 29. Kf2 {[%clk
0:19:35]} Rb2 {[%clk 0:50:43]} 30. Rxd7 {[%clk 0:18:47]} Nf4+ {[%clk 0:51:02]}
31. Kg1 {[%clk 0:18:53]} Rxg2+ {[%clk 0:51:10]} 32. Kh1 {[%clk 0:19:19]} g5
{[%clk 0:51:16]} 33. Bf6 {[%clk 0:19:19]} h6 {[%clk 0:51:25]} 34. Rd8+ {[%clk
0:19:25]} Kh7 {[%clk 0:51:42]} 35. Bxf7 {[%clk 0:19:47]} 1-0

[Event "DEM U14 2022"]
[Site "Willingen GER"]
[Date "2022.06.07"]
[Round "4"]
[White "Linnemann, Caspar"]
[Black "Kocharin, Timur"]
[Result "0-1"]
[Termination "normal"]
[Board "12"]
[WhiteElo "1720"]
[BlackElo "1888"]
[WhiteClock "00:18:55"]
[BlackClock "00:25:52"]
[PlyCount "80"]
[WhiteFideId "16200284"]
[BlackFideId "16240936"]
[EventCountry "GER"]
[EventRounds "9"]
[EventType "swiss"]
[EventDate "2022.06.04"]

1. e4 {[%clk 1:30:57]} c5 {[%clk 1:30:45]} 2. Nf3 {[%clk 1:31:16]} Nc6 {[%clk
1:29:58]} 3. d4 {[%clk 1:28:25]} cxd4 {[%clk 1:27:40]} 4. Nxd4 {[%clk 1:28:48]}
g6 {[%clk 1:27:41]} 5. Nc3 {[%clk 1:28:58]} Bg7 {[%clk 1:28:06]} 6. Be3 {[%clk
1:29:18]} Nf6 {[%clk 1:28:31]} 7. Bc4 {[%clk 1:29:31]} O-O {[%clk 1:28:40]} 8.
Bb3 {[%clk 1:29:28]} Re8 {[%clk 1:28:17]} 9. f3 {[%clk 1:27:54]} e6 {[%clk
1:27:59]} 10. Qd2 {[%clk 1:18:49]} d5 {[%clk 1:25:35]} 11. exd5 {[%clk
1:17:42]} Nxd5 {[%clk 1:11:49]} 12. Nxd5 {[%clk 1:10:11]} Nxd4 {[%clk 1:07:50]}
13. Bxd4 {[%clk 0:56:57]} Qh4+ {[%clk 0:43:21]} 14. Bf2 {[%clk 0:51:17]} exd5+
{[%clk 0:43:25]} 15. Kf1 {[%clk 0:49:05]} Qf6 {[%clk 0:42:21]} 16. c3 {[%clk
0:45:42]} Qa6+ {[%clk 0:41:53]} 17. Kg1 {[%clk 0:43:04]} Re2 {[%clk 0:41:27]}
18. Qxd5 {[%clk 0:39:36]} Be6 {[%clk 0:41:36]} 19. Qd1 {[%clk 0:39:42]} Rxb2
{[%clk 0:37:54]} 20. Rb1 {[%clk 0:25:47]} Bxb3 {[%clk 0:28:48]} 21. axb3 {[%clk
0:25:54]} Rxb1 {[%clk 0:25:31]} 22. Qxb1 {[%clk 0:25:29]} Qe2 {[%clk 0:25:29]}
23. Qe1 {[%clk 0:19:51]} Qc2 {[%clk 0:24:57]} 24. g3 {[%clk 0:16:50]} Rd8
{[%clk 0:20:48]} 25. Kg2 {[%clk 0:16:54]} Bxc3 {[%clk 0:20:43]} 26. Qe7 {[%clk
0:15:22]} Rd2 {[%clk 0:20:23]} 27. Rf1 {[%clk 0:15:28]} Bd4 {[%clk 0:20:38]}
28. Qe8+ {[%clk 0:15:31]} Kg7 {[%clk 0:21:05]} 29. Qe1 {[%clk 0:15:48]} Kf6
{[%clk 0:21:16]} 30. f4 {[%clk 0:15:36]} Rxf2+ {[%clk 0:21:38]} 31. Rxf2 {[%clk
0:15:54]} Qxf2+ {[%clk 0:22:04]} 32. Qxf2 {[%clk 0:16:17]} Bxf2 {[%clk
0:22:31]} 33. Kxf2 {[%clk 0:16:40]} a5 {[%clk 0:22:50]} 34. g4 {[%clk 0:16:51]}
Ke6 {[%clk 0:23:13]} 35. Ke3 {[%clk 0:17:11]} Kd5 {[%clk 0:23:39]} 36. Kd3
{[%clk 0:17:29]} b5 {[%clk 0:24:06]} 37. h3 {[%clk 0:17:47]} a4 {[%clk
0:24:33]} 38. bxa4 {[%clk 0:18:09]} bxa4 {[%clk 0:25:00]} 39. Kc3 {[%clk
0:18:32]} Ke4 {[%clk 0:25:27]} 40. Kb4 {[%clk 0:18:55]} Kxf4 {[%clk 0:25:52]}
0-1

[Event "DEM U14 2022"]
[Site "Willingen GER"]
[Date "2022.06.07"]
[Round "4"]
[White "Torosyan, Bagrat"]
[Black "Huber, Benedikt"]
[Result "1-0"]
[Termination "normal"]
[Board "14"]
[WhiteElo "1734"]
[BlackElo "1780"]
[WhiteClock "00:10:14"]
[BlackClock "00:07:50"]
[PlyCount "71"]
[WhiteFideId "16258134"]
[BlackFideId "16281225"]
[EventCountry "GER"]
[EventRounds "9"]
[EventType "swiss"]
[EventDate "2022.06.04"]

1. e4 {[%clk 1:30:59]} e5 {[%clk 1:30:52]} 2. Nf3 {[%clk 1:31:24]} Nc6 {[%clk
1:31:19]} 3. Bc4 {[%clk 1:31:47]} Bc5 {[%clk 1:31:44]} 4. c3 {[%clk 1:32:09]}
Nf6 {[%clk 1:32:05]} 5. d3 {[%clk 1:32:33]} d6 {[%clk 1:32:30]} 6. O-O {[%clk
1:32:37]} a6 {[%clk 1:32:23]} 7. Bb3 {[%clk 1:33:00]} Ba7 {[%clk 1:32:46]} 8.
Nbd2 {[%clk 1:33:17]} h6 {[%clk 1:32:57]} 9. h3 {[%clk 1:30:07]} g5 {[%clk
1:33:19]} 10. Nc4 {[%clk 1:26:41]} g4 {[%clk 1:27:15]} 11. hxg4 {[%clk
1:26:59]} Bxg4 {[%clk 1:27:40]} 12. Ne3 {[%clk 1:26:00]} h5 {[%clk 1:19:47]}
13. Nf5 {[%clk 1:01:27]} Rh7 {[%clk 1:04:19]} 14. Bg5 {[%clk 0:44:49]} Nb8
{[%clk 0:54:27]} 15. Ba4+ {[%clk 0:41:26]} b5 {[%clk 0:53:59]} 16. Bb3 {[%clk
0:41:43]} Nbd7 {[%clk 0:52:11]} 17. Bd5 {[%clk 0:40:40]} Rb8 {[%clk 0:52:14]}
18. a4 {[%clk 0:38:57]} Bxf5 {[%clk 0:50:52]} 19. exf5 {[%clk 0:39:14]} b4
{[%clk 0:49:42]} 20. Bc6 {[%clk 0:37:42]} Rb6 {[%clk 0:48:21]} 21. Bxd7+ {[%clk
0:36:46]} Kxd7 {[%clk 0:48:41]} 22. a5 {[%clk 0:36:30]} Rb5 {[%clk 0:45:05]}
23. Qa4 {[%clk 0:35:58]} c6 {[%clk 0:43:18]} 24. c4 {[%clk 0:33:00]} Rb8 {[%clk
0:42:13]} 25. Rac1 {[%clk 0:24:50]} Bc5 {[%clk 0:37:38]} 26. b3 {[%clk
0:19:54]} Qh8 {[%clk 0:34:49]} 27. Rcd1 {[%clk 0:17:11]} Ng4 {[%clk 0:30:50]}
28. d4 {[%clk 0:16:01]} Bxd4 {[%clk 0:29:40]} 29. Nxd4 {[%clk 0:15:50]} exd4
{[%clk 0:30:04]} 30. f6 {[%clk 0:15:25]} Nxf6 {[%clk 0:27:57]} 31. Rxd4 {[%clk
0:15:27]} Rg8 {[%clk 0:10:14]} 32. Qxb4 {[%clk 0:12:49]} Ne8 {[%clk 0:08:07]}
33. Qb7+ {[%clk 0:12:18]} Nc7 {[%clk 0:08:31]} 34. Rfd1 {[%clk 0:11:14]} Rg6
{[%clk 0:08:31]} 35. Bf4 {[%clk 0:10:42]} Rhh6 {[%clk 0:07:50]} 36. c5 {[%clk
0:10:14]} 1-0

[Event "DEM U14 2022"]
[Site "Willingen GER"]
[Date "2022.06.07"]
[Round "4"]
[White "Deschler, Arne"]
[Black "Kempe, Caius Emilian"]
[Result "0-1"]
[Termination "normal"]
[Board "15"]
[WhiteElo "1646"]
[BlackElo "1973"]
[WhiteClock "00:15:38"]
[BlackClock "00:21:26"]
[PlyCount "144"]
[WhiteFideId "16274415"]
[BlackFideId "16246861"]
[EventCountry "GER"]
[EventRounds "9"]
[EventType "swiss"]
[EventDate "2022.06.04"]

1. e4 {[%clk 1:30:58]} e6 {[%clk 1:30:56]} 2. d4 {[%clk 1:31:26]} d5 {[%clk
1:31:19]} 3. exd5 {[%clk 1:31:54]} exd5 {[%clk 1:31:39]} 4. Bd3 {[%clk
1:32:21]} Nc6 {[%clk 1:31:57]} 5. c3 {[%clk 1:32:45]} Bd6 {[%clk 1:32:19]} 6.
Qf3 {[%clk 1:33:06]} Be6 {[%clk 1:32:17]} 7. Ne2 {[%clk 1:31:55]} Qd7 {[%clk
1:28:55]} 8. Bf4 {[%clk 1:28:18]} Nge7 {[%clk 1:28:26]} 9. Bxd6 {[%clk
1:26:52]} Qxd6 {[%clk 1:28:43]} 10. Nd2 {[%clk 1:26:01]} O-O-O {[%clk 1:27:28]}
11. O-O-O {[%clk 1:23:39]} Ng6 {[%clk 1:24:02]} 12. g3 {[%clk 1:16:38]} Kb8
{[%clk 1:18:26]} 13. Nb3 {[%clk 1:09:39]} f6 {[%clk 1:08:22]} 14. Rhe1 {[%clk
1:05:46]} Bf7 {[%clk 1:06:36]} 15. Bc2 {[%clk 1:00:00]} Nce7 {[%clk 0:38:13]}
16. Nc5 {[%clk 0:49:45]} Nc8 {[%clk 0:35:58]} 17. Qh5 {[%clk 0:39:19]} b6
{[%clk 0:25:11]} 18. Na6+ {[%clk 0:36:06]} Kb7 {[%clk 0:23:23]} 19. Nb4 {[%clk
0:36:08]} a5 {[%clk 0:22:53]} 20. Nd3 {[%clk 0:35:43]} Qc6 {[%clk 0:19:51]} 21.
Qg4 {[%clk 0:29:55]} Nd6 {[%clk 0:15:17]} 22. h4 {[%clk 0:23:36]} h5 {[%clk
0:10:53]} 23. Qf3 {[%clk 0:22:14]} Nc4 {[%clk 0:08:22]} 24. Nef4 {[%clk
0:16:35]} Nxf4 {[%clk 0:08:30]} 25. Qxf4 {[%clk 0:16:11]} Rd7 {[%clk 0:07:36]}
26. Re2 {[%clk 0:15:36]} Qb5 {[%clk 0:07:34]} 27. Rde1 {[%clk 0:14:15]} Rhd8
{[%clk 0:07:54]} 28. Qf5 {[%clk 0:11:35]} a4 {[%clk 0:06:43]} 29. Re7 {[%clk
0:11:18]} a3 {[%clk 0:05:14]} 30. b3 {[%clk 0:11:34]} Nd6 {[%clk 0:05:33]} 31.
Qf4 {[%clk 0:11:11]} Qc6 {[%clk 0:05:23]} 32. Rxd7 {[%clk 0:11:23]} Rxd7 {[%clk
0:05:45]} 33. Qd2 {[%clk 0:10:24]} Ne4 {[%clk 0:06:07]} 34. Rxe4 dxe4 {[%clk
0:06:35]} 35. Nb4 {[%clk 0:10:01]} Qe6 {[%clk 0:06:08]} 36. Qe2 {[%clk
0:10:09]} c5 {[%clk 0:05:04]} 37. Bxe4+ Kc7 {[%clk 0:05:03]} 38. Na6+ {[%clk
0:09:32]} Kd8 {[%clk 0:04:58]} 39. dxc5 {[%clk 0:07:48]} Qe5 {[%clk 0:05:20]}
40. Qe3 {[%clk 0:06:57]} bxc5 {[%clk 0:04:34]} 41. Nxc5 {[%clk 0:05:06]} Rc7
{[%clk 0:01:22]} 42. Qd4+ {[%clk 0:04:26]} Ke7 {[%clk 0:22:03]} 43. Qxe5+
{[%clk 0:32:19]} fxe5 {[%clk 0:20:37]} 44. Na4 {[%clk 0:31:18]} Be8 {[%clk
0:20:54]} 45. Kc2 {[%clk 0:30:39]} Bxa4 {[%clk 0:20:53]} 46. bxa4 {[%clk
0:30:57]} Rc4 {[%clk 0:21:21]} 47. Bg6 {[%clk 0:30:29]} Rxa4 {[%clk 0:21:45]}
48. Bxh5 {[%clk 0:30:36]} Ra7 {[%clk 0:20:53]} 49. Kb3 {[%clk 0:30:41]} Kd6
{[%clk 0:21:10]} 50. Kb4 {[%clk 0:30:12]} Kd5 {[%clk 0:19:56]} 51. Bf3+ {[%clk
0:30:08]} e4 {[%clk 0:20:18]} 52. Bd1 {[%clk 0:29:53]} Rb7+ {[%clk 0:20:05]}
53. Kxa3 {[%clk 0:29:50]} Kc4 {[%clk 0:20:28]} 54. Bb3+ {[%clk 0:29:13]} Kxc3
{[%clk 0:20:47]} 55. Ka4 {[%clk 0:29:35]} Kd3 {[%clk 0:19:28]} 56. Bd5 {[%clk
0:29:24]} Re7 {[%clk 0:19:49]} 57. g4 {[%clk 0:18:42]} Ke2 {[%clk 0:19:00]} 58.
h5 {[%clk 0:18:06]} Kxf2 {[%clk 0:19:22]} 59. g5 {[%clk 0:13:25]} e3 {[%clk
0:19:37]} 60. Bc4 {[%clk 0:13:39]} e2 {[%clk 0:19:37]} 61. Bxe2 Rxe2 {[%clk
0:18:54]} 62. Kb3 {[%clk 0:13:22]} Re5 {[%clk 0:18:21]} 63. h6 {[%clk 0:13:37]}
g6 {[%clk 0:18:46]} 64. h7 {[%clk 0:13:39]} Re8 {[%clk 0:19:12]} 65. Kc4 {[%clk
0:13:58]} Rh8 {[%clk 0:19:01]} 66. Kd5 {[%clk 0:13:59]} Rxh7 {[%clk 0:19:26]}
67. Ke6 {[%clk 0:14:23]} Ra7 {[%clk 0:19:51]} 68. Kf6 {[%clk 0:14:25]} Ra6+
{[%clk 0:20:16]} 69. Kg7 {[%clk 0:14:40]} Kf3 {[%clk 0:20:38]} 70. a4 {[%clk
0:14:51]} Kf4 {[%clk 0:20:58]} 71. Kh6 {[%clk 0:15:17]} Kf5 {[%clk 0:21:08]}
72. a5 {[%clk 0:15:38]} Rxa5 {[%clk 0:21:26]} 0-1